[Event "21st ch-EUR Indiv 2021"]
[Site "Reykjavik ISL"]
[Date "2021.09.02"]
[Round "8.49"]
[White "Petenyi, Tamas"]
[Black "Gueci, Tea"]
[Result "1-0"]
[WhiteTitle "IM"]
[BlackTitle "WIM"]
[WhiteElo "2463"]
[BlackElo "2188"]
[WhiteFideId "14909090"]
[BlackFideId "872342"]
[EventDate "2021.08.26"]

1. e4 e5 2. Bc4 Nc6 3. d3 Nf6 4. Nc3 Be7 5. Nge2 Na5 6. O-O O-O 7. Bg5 c6 8. Bb3
Nxb3 9. axb3 d5 10. exd5 Nxd5 11. Bxe7 Nxe7 12. Qd2 Ng6 13. Qe3 b6 14. d4 exd4
15. Qxd4 Bf5 16. Rfc1 h6 17. h3 c5 18. Qxd8 Rfxd8 19. Ng3 Bd7 20. Rd1 Bc6 21.
Nf5 Rd7 22. Rxd7 Bxd7 23. Ne3 Bc6 24. Nc4 Nf4 25. f3 Nd5 26. Ne5 Bb7 27. Nxd5
Bxd5 28. Rd1 Be6 29. Nc6 Kf8 30. g4 a5 31. Rd6 g6 32. Ne5 a4 33. bxa4 Rxa4 34.
Rxb6 Ra1+ 35. Kf2 Rc1 36. c3 Kg7 37. Nd3 Rc2+ 38. Ke3 c4 39. Nf4 Bd7 40. h4 Ba4
41. h5 gxh5 42. Nxh5+ Kf8 43. Ng3 Bb3 44. Nf5 Ke8 45. Rb7 f6 46. Nxh6 Rxb2 47.
Ng8 Rb1 48. Nxf6+ Kf8 49. g5 Rg1 50. Kf4 Bc2 51. Nd7+ Kg8 52. Ne5 Rh1 53. Rc7
Bb3 54. g6 Ra1 55. Ng4 Rg1 56. Nf6+ 1-0

[Event "21st ch-EUR Indiv 2021"]
[Site "Reykjavik ISL"]
[Date "2021.09.02"]
[Round "8.50"]
[White "Petkov, Momchil"]
[Black "Bergsson, Stefan"]
[Result "1-0"]
[WhiteTitle "IM"]
[WhiteElo "2443"]
[BlackElo "2158"]
[WhiteFideId "2921642"]
[BlackFideId "2301393"]
[EventDate "2021.08.26"]

1. e4 c5 2. Nf3 Nc6 3. Bb5 d6 4. O-O Bd7 5. Re1 Nf6 6. c3 e5 7. d4 Qc7 8. d5 Ne7
9. a4 g6 10. Bg5 Bg7 11. Nxe5 dxe5 12. d6 Qb6 13. dxe7 Bxb5 14. axb5 Qxb5 15.
Rxa7 Kxe7 16. Na3 Qc6 17. Rxa8 Rxa8 18. Nc4 Qe6 19. Qb3 Ra7 20. Qb5 1-0

[Event "21st ch-EUR Indiv 2021"]
[Site "Reykjavik ISL"]
[Date "2021.09.02"]
[Round "8.51"]
[White "Birkisson, Bardur Orn"]
[Black "Vogel, Roven"]
[Result "0-1"]
[WhiteTitle "CM"]
[BlackTitle "IM"]
[WhiteElo "2163"]
[BlackElo "2441"]
[WhiteFideId "2310597"]
[BlackFideId "12908088"]
[EventDate "2021.08.26"]

1. c4 e6 2. g3 d5 3. Bg2 d4 4. Nf3 c5 5. b4 cxb4 6. a3 Nc6 7. O-O a5 8. axb4
Bxb4 9. Ba3 Nge7 10. d3 O-O 11. Qb3 Rb8 12. Bxb4 axb4 13. Nbd2 b5 14. c5 e5 15.
Ng5 h6 16. Nge4 Be6 17. Qb2 Nd5 18. Nd6 Nce7 19. Ra7 Nc3 20. Nb3 Nc8 21. Ra6 Na4
22. Qc2 Bxb3 0-1

[Event "21st ch-EUR Indiv 2021"]
[Site "Reykjavik ISL"]
[Date "2021.09.02"]
[Round "8.52"]
[White "Thorfinnsson, Bragi"]
[Black "Jonsson, Gauti Pall"]
[Result "1-0"]
[WhiteTitle "GM"]
[WhiteElo "2439"]
[BlackElo "2070"]
[WhiteFideId "2300958"]
[BlackFideId "2309092"]
[EventDate "2021.08.26"]

1. e4 d6 2. d4 Nf6 3. Nc3 g6 4. Be2 Bg7 5. h4 h5 6. Nf3 c5 7. d5 Bd7 8. a4 Na6
9. O-O Nc7 10. Bg5 Rb8 11. e5 dxe5 12. d6 Ne6 13. Nxe5 Nd4 14. Bc4 Be6 15. dxe7
Qxe7 16. Bxe6 Nxe6 17. Nd5 Qd8 18. Nxf6+ Bxf6 19. Bxf6 Qxf6 20. Nd7 Qd8 21. Nxb8
Qxb8 22. Qf3 O-O 23. c3 c4 24. a5 Nc5 25. Qd5 Nb3 26. Rad1 Qc7 27. Rfe1 Nxa5 28.
Qd6 Qxd6 29. Rxd6 Rc8 30. Re5 Nc6 31. Re4 b5 32. Rd7 a6 33. g3 Kg7 34. Kg2 Kg8
35. Rb7 Kf8 36. Rb6 Nd8 37. Rxa6 Ne6 38. Rb6 Rc5 39. Re1 Ke7 40. Rb7+ Ke8 41.
Rd1 Re5 42. Ra1 Kf8 43. Ra5 1-0

[Event "21st ch-EUR Indiv 2021"]
[Site "Reykjavik ISL"]
[Date "2021.09.02"]
[Round "8.53"]
[White "Lubbe, Nikolas"]
[Black "Domalchuk-Jonasson, Aleksandr"]
[Result "1-0"]
[WhiteTitle "IM"]
[WhiteElo "2427"]
[BlackElo "2052"]
[WhiteFideId "4694031"]
[BlackFideId "14142805"]
[EventDate "2021.08.26"]

1. e4 c5 2. Nf3 d6 3. Bb5+ Nd7 4. O-O a6 5. Bxd7+ Bxd7 6. d4 cxd4 7. Qxd4 Nf6 8.
Nc3 Rc8 9. Rd1 Bc6 10. a4 g6 11. a5 Bg7 12. Qb4 Qc7 13. Be3 O-O 14. Bb6 Qb8 15.
Rd2 Nd7 16. Bd4 Nc5 17. Bxg7 Kxg7 18. Nd5 Bxd5 19. exd5 Qc7 20. Qd4+ Kg8 21. Qh4
e5 22. dxe6 Nxe6 23. c3 Qc5 24. Qe7 Qb5 25. h3 Rfd8 26. Qf6 Rd7 27. Rad1 Rcd8
28. b4 Qc6 29. Rd3 Qc7 30. Rd5 Re7 31. R1d3 Red7 32. h4 Ng7 33. h5 Ne8 34. Qd4
f6 35. c4 Re7 36. hxg6 hxg6 37. Qg4 Kf7 38. Nh4 Re1+ 39. Kh2 g5 40. Nf5 Ng7 41.
Nxg7 Kxg7 42. Rxg5+ fxg5 43. Qxg5+ Kf7 44. Qh5+ Ke6 45. Qh3+ Kf6 46. Qh6+ Ke5
47. Rd5+ 1-0

[Event "21st ch-EUR Indiv 2021"]
[Site "Reykjavik ISL"]
[Date "2021.09.02"]
[Round "8.54"]
[White "Stremavicius, Pijus"]
[Black "Sokolovsky, Yahli"]
[Result "1/2-1/2"]
[BlackTitle "FM"]
[WhiteElo "2146"]
[BlackElo "2415"]
[WhiteFideId "12812730"]
[BlackFideId "2820242"]
[EventDate "2021.08.26"]

1. e4 e5 2. Nf3 Nc6 3. Nc3 Nf6 4. d4 exd4 5. Nxd4 Bb4 6. Nxc6 bxc6 7. Bd3 d5 8.
exd5 O-O 9. O-O cxd5 10. h3 Be6 11. Qf3 c6 12. Bg5 Be7 13. Rfe1 h6 14. Bh4 Nd7
15. Bxe7 Qxe7 16. Na4 Qd6 17. Qg3 Qxg3 18. fxg3 Rab8 19. b3 c5 20. Rad1 Rfc8 21.
Be2 Nf6 22. Bf3 c4 23. Re3 cxb3 24. cxb3 Rc2 25. Nc3 Rc8 26. Nxd5 Nxd5 27. Bxd5
Bxd5 28. Rxd5 Rxa2 29. g4 Rc1+ 30. Kh2 Rcc2 31. Rg3 g6 32. Rd6 Rf2 33. Rd8+ Kg7
34. Rdd3 Rfb2 35. Rd7 Rf2 36. Rdd3 a5 37. Rdf3 Rfb2 38. Rd3 Kf6 39. Rgf3+ Ke7
40. Rfe3+ Kf6 41. Rf3+ Ke7 42. Rfe3+ Kf8 43. Rg3 g5 44. Rd8+ Kg7 45. Rd7 Rf2 46.
Kg1 Kf6 47. Rd6+ Ke5 48. Rxh6 f6 49. Rh8 Ke6 50. Re8+ Kf7 51. Ra8 Rfb2 52. Ra6
Kg7 53. Ra7+ 1/2-1/2

[Event "21st ch-EUR Indiv 2021"]
[Site "Reykjavik ISL"]
[Date "2021.09.02"]
[Round "8.55"]
[White "Kjartansson, David"]
[Black "Heidarsson, Arnar Milutin"]
[Result "1-0"]
[WhiteTitle "IM"]
[WhiteElo "2326"]
[BlackElo "1916"]
[WhiteFideId "2301130"]
[BlackFideId "2312875"]
[EventDate "2021.08.26"]

1. d4 Nf6 2. c4 e6 3. Nf3 Bb4+ 4. Bd2 Bxd2+ 5. Qxd2 O-O 6. Nc3 d5 7. e3 b6 8.
cxd5 exd5 9. Bd3 Bb7 10. O-O Qe7 11. Rac1 Nbd7 12. Rfd1 Ne4 13. Qe2 a6 14. a3 f5
15. g3 g5 16. Ne1 b5 17. Na2 c6 18. Nb4 Rac8 19. Bb1 Rf6 20. Nbd3 Rcf8 21. Ng2
Rh6 22. f3 Nd6 23. Nc5 Nxc5 24. Rxc5 Kh8 25. Bd3 Re6 26. Qf2 Ne4 27. Bxe4 fxe4
28. f4 gxf4 29. Nxf4 Bc8 30. Qc2 Rxf4 31. exf4 Qf6 32. Rxd5 cxd5 33. Qxc8+ Kg7
34. Qd7+ Re7 35. Qxd5 h6 36. Re1 e3 37. Kg2 Qb6 38. Kf3 Qa5 39. Re2 Qa4 40. b3 1-0

[Event "21st ch-EUR Indiv 2021"]
[Site "Reykjavik ISL"]
[Date "2021.09.02"]
[Round "8.56"]
[White "Saraci, Korab"]
[Black "Jacobsen, Mikkel Manosri"]
[Result "0-1"]
[BlackTitle "FM"]
[WhiteElo "2154"]
[BlackElo "2309"]
[WhiteFideId "4701968"]
[BlackFideId "1444514"]
[EventDate "2021.08.26"]

1. d4 Nf6 2. c4 e6 3. Nc3 d5 4. Nf3 c6 5. cxd5 exd5 6. Bg5 Bf5 7. e3 Nbd7 8. Bd3
Bg6 9. O-O Be7 10. a3 a5 11. Qc2 Bxd3 12. Qxd3 O-O 13. Rfe1 Ne4 14. Bf4 g5 15.
Be5 f6 16. Bg3 f5 17. Ne5 f4 18. exf4 gxf4 19. Bxf4 Rxf4 20. Rxe4 dxe4 21. Qg3+
Bg5 22. Nxd7 Kh8 23. Ne5 Qxd4 24. Ng4 Qd7 25. h3 Raf8 26. Rd1 Qe7 27. Ne2 R4f5
28. Qc3+ Bf6 29. Qe3 Bxb2 30. Ng3 Rd5 31. Re1 Qxa3 32. Qxe4 Qb4 33. Qe6 Qd6 34.
Qxd6 Rxd6 35. Rb1 Rd2 36. Nf1 Rc2 37. Kh2 a4 0-1

[Event "21st ch-EUR Indiv 2021"]
[Site "Reykjavik ISL"]
[Date "2021.09.02"]
[Round "8.57"]
[White "Sylvan, Jacob"]
[Black "Player, Edmund C"]
[Result "1-0"]
[WhiteTitle "IM"]
[WhiteElo "2307"]
[BlackElo "2172"]
[WhiteFideId "1402137"]
[BlackFideId "406520"]
[EventDate "2021.08.26"]

1. d4 d5 2. c4 dxc4 3. Qa4+ Nd7 4. Nf3 Nf6 5. Nc3 e6 6. e4 Be7 7. Bxc4 c6 8. Qc2
b5 9. Bd3 b4 10. Na4 c5 11. Nxc5 Nxc5 12. dxc5 Qa5 13. c6 Ba6 14. O-O Rc8 15. e5
Nd5 16. Bxa6 Qxa6 17. Nd4 Qb6 18. Qe4 Bc5 19. Nf3 Ne7 20. Bd2 Qxc6 21. Qg4 O-O
22. Rac1 a5 23. h4 Nf5 24. b3 Rfd8 25. Rc4 Qb6 26. Qe4 Ng3 27. Qc2 Nxf1 28. Kxf1
Rd5 29. Ng5 g6 30. Be3 Rxe5 31. Ne4 Rxe4 32. Qxe4 Rc7 33. Qc2 Bxe3 34. Rxc7 Bf4
35. Rc8+ Kg7 36. g3 Be5 37. Qc4 Qb7 38. Qc6 Qe7 39. Kg2 Qf6 40. Ra8 Bd4 41. Qf3
Qe5 42. Rd8 Bb6 43. Rd7 Qf5 44. g4 Qf6 45. Qxf6+ Kxf6 46. g5+ Kg7 47. Rb7 Bd8
48. Kf3 h6 49. gxh6+ Kxh6 50. Rxf7 Bxh4 51. Rf8 Kg7 52. Ra8 Be7 53. Rxa5 Kf6 54.
Ke4 g5 55. Kf3 Kg6 56. Kg4 Kf7 57. Re5 Bf6 58. Rb5 Be7 59. Kf3 Kf6 60. Ke4 Bd6
61. Kd4 g4 62. Kc4 e5 63. Kd5 Be7 64. Ke4 Bd6 65. Rb6 Ke6 66. Ra6 Kd7 67. Kd5 1-0

[Event "21st ch-EUR Indiv 2021"]
[Site "Reykjavik ISL"]
[Date "2021.09.02"]
[Round "8.58"]
[White "Milikow, Yoav"]
[Black "Mai, Alexander Oliver"]
[Result "1-0"]
[WhiteTitle "FM"]
[WhiteElo "2287"]
[BlackElo "2090"]
[WhiteFideId "2822237"]
[BlackFideId "2313391"]
[EventDate "2021.08.26"]

1. d4 Nf6 2. c4 g6 3. Nc3 Bg7 4. e4 d6 5. Be2 O-O 6. Be3 Nc6 7. d5 Ne5 8. h3 e6
9. Nf3 Nxf3+ 10. Bxf3 a5 11. O-O Nd7 12. Qd2 e5 13. Be2 b6 14. Bd1 f5 15. exf5
gxf5 16. f4 Qe7 17. Bc2 Nc5 18. Rae1 Bd7 19. b3 Rf7 20. Ne2 Raf8 21. Ng3 e4 22.
Ne2 Bf6 23. Kh2 Rg7 24. Rg1 Qf7 25. Nd4 Qg6 26. g3 Kh8 27. a3 Ra8 28. b4 Nb7 29.
Ne6 Bxe6 30. dxe6 h5 31. Qd5 Rb8 32. Rb1 axb4 33. axb4 Re7 34. c5 b5 35. Bb3
dxc5 36. Bxc5 Nxc5 37. Qxc5 Rd8 38. Bd5 Rg7 39. Rbd1 Rdg8 40. Qxb5 h4 41. g4
fxg4 42. hxg4 Be7 43. Qe2 Bd6 44. Rdf1 Rf8 45. Qxe4 Qxe4 46. Bxe4 Rxf4 47. Rxf4
Bxf4+ 48. Kh3 Re7 49. Bd5 Bg5 50. b5 Kg7 51. Rf1 Kh6 52. Rf8 Kg7 53. Rf5 Kh6 54.
Bb3 Kg6 55. Rc5 Kh6 56. Ba2 Kg6 57. Bb1+ Kh6 58. Bf5 Kg7 59. Rd5 Kf6 60. Rd8 Rg7
61. Rh8 Ke7 62. Kg2 Kd6 63. Kf3 Be7 64. Rc8 Bg5 65. Ke4 Bf6 66. Rb8 Kc5 67. Kf4
Kd6 68. Ke4 Bg5 69. Rb7 Bf6 70. Kf4 Bg5+ 71. Kf3 Bf6 72. Ke4 Bc3 73. Kd3 Bf6 74.
Ke2 Re7 75. Rb8 Rg7 76. Kf2 Bd4+ 77. Kg2 Bf6 78. Kh3 Be7 79. Ra8 Bf6 80. Ra6+
Ke7 81. Rc6 Kd8 82. e7+ Kxe7 83. Rxc7+ Kf8 84. b6 Be5 85. Rc8+ Kf7 86. b7 Rg8
87. Be6+ 1-0

[Event "21st ch-EUR Indiv 2021"]
[Site "Reykjavik ISL"]
[Date "2021.09.02"]
[Round "8.59"]
[White "Birkisson, Bjorn Holm"]
[Black "Vedder, Richard"]
[Result "0-1"]
[BlackTitle "FM"]
[WhiteElo "2064"]
[BlackElo "2266"]
[WhiteFideId "2310600"]
[BlackFideId "1004166"]
[EventDate "2021.08.26"]

1. d4 d5 2. c4 dxc4 3. e4 Nc6 4. Nf3 Bg4 5. d5 Ne5 6. Bf4 Ng6 7. Be3 b5 8. Be2
e6 9. Nc3 Bxf3 10. Bxf3 a6 11. dxe6 fxe6 12. e5 Nxe5 13. Bxa8 Qxa8 14. Qh5+ Nf7
15. Qh3 Qc6 16. O-O Nf6 17. Ne2 e5 18. Ng3 Qd7 19. Qxd7+ Kxd7 20. a4 Bb4 21.
Rfd1+ Nd6 22. axb5 axb5 23. Ra7 Ng4 24. Ne4 Nxe3 25. fxe3 Kc6 26. Nxd6 Bxd6 27.
Ra6+ Kc5 28. Kf2 e4 29. g3 Be7 30. Rd2 Rf8+ 31. Ke2 Rf6 32. Rxf6 Bxf6 33. Kd1 b4
34. Rf2 b3 35. Kc1 c3 36. bxc3 Bxc3 37. Rf4 Kd5 38. Rf8 Kc4 39. Rd8 c5 40. Rd7
Bf6 41. h4 Kc3 42. Kb1 c4 43. Kc1 Kb4 44. Rb7+ Kc5 45. Rd7 c3 46. Rb7 Kc4 47.
Rd7 c2 48. Rc7+ Kd3 0-1

[Event "21st ch-EUR Indiv 2021"]
[Site "Reykjavik ISL"]
[Date "2021.09.02"]
[Round "8.60"]
[White "Johannsson, Birkir Isak"]
[Black "Koellner, Aaron Noah"]
[Result "1-0"]
[WhiteElo "2052"]
[BlackElo "2248"]
[WhiteFideId "2314673"]
[BlackFideId "12993085"]
[EventDate "2021.08.26"]

1. c4 e6 2. Nc3 d5 3. d4 Nf6 4. Nf3 Be7 5. Bf4 O-O 6. e3 b6 7. Bd3 Bb7 8. cxd5
Nxd5 9. Nxd5 Qxd5 10. Bxc7 Bb4+ 11. Kf1 Nc6 12. h4 Rac8 13. Bg3 h6 14. Kg1 Rfd8
15. Rh3 Bd6 16. a3 Na5 17. Bxd6 Rxd6 18. Rg3 Qh5 19. b4 Bxf3 20. Qxf3 Qxf3 21.
Rxf3 Nb3 22. Rd1 Rc3 23. Bb5 Kf8 24. Kh2 Ke7 25. g4 Rd5 26. Bd3 e5 27. Be4 Rd6
28. d5 Nc1 29. Rf5 f6 30. g5 hxg5 31. hxg5 Na2 32. gxf6+ gxf6 33. Rh5 Rxa3 34.
Rh7+ Kd8 35. Bf5 Ke8 36. Rg1 Kf8 37. Be6 Rxe6 38. dxe6 Nxb4 39. e7+ 1-0

[Event "21st ch-EUR Indiv 2021"]
[Site "Reykjavik ISL"]
[Date "2021.09.02"]
[Round "8.61"]
[White "Humburg, Philipp"]
[Black "Johannsdottir, Johanna Bjorg"]
[Result "1-0"]
[WhiteElo "2245"]
[BlackElo "2019"]
[WhiteFideId "24656151"]
[BlackFideId "2303108"]
[EventDate "2021.08.26"]

1. e4 c5 2. Nf3 d6 3. d4 cxd4 4. Nxd4 Nf6 5. Nc3 a6 6. b3 g6 7. Bb2 Bg7 8. Qd2
O-O 9. O-O-O b5 10. Kb1 Bb7 11. f3 Nbd7 12. g4 Nb6 13. a3 Rc8 14. h4 Qc7 15. Bh3
Nfd7 16. g5 e6 17. h5 d5 18. hxg6 hxg6 19. Nxe6 Bxc3 20. Nxc7 Bxd2 21. Bxd7 f6
22. Be6+ Kg7 23. gxf6+ Rxf6 24. Bxc8 Bxc8 25. Rxd2 dxe4 26. Ne8+ Kf7 27. Nxf6
exf3 28. Rh7+ Ke6 29. Rf2 Nd5 30. Nxd5 Kxd5 31. Rxf3 Bf5 32. Kc1 Ke4 33. Rxf5
gxf5 34. Kd2 Kf3 35. Ra7 f4 36. Rxa6 Kg2 37. Ke1 f3 38. Rg6+ Kh1 39. Kf2 b4 40.
axb4 Kh2 41. Bf6 Kh1 42. c4 Kh2 43. c5 Kh1 44. c6 Kh2 45. c7 Kh1 46. b5 Kh2 47.
b6 Kh1 48. b7 Kh2 49. b4 Kh1 50. b5 Kh2 51. b6 Kh1 52. b8=Q Kh2 53. b7 Kh1 54.
Qa8 Kh2 55. b8=Q Kh1 56. Qa1+ Kh2 57. c8=Q# 1-0

[Event "21st ch-EUR Indiv 2021"]
[Site "Reykjavik ISL"]
[Date "2021.09.02"]
[Round "8.62"]
[White "Papidakis, Georgios"]
[Black "Kueng, Nicolas"]
[Result "1-0"]
[WhiteElo "2228"]
[BlackElo "2005"]
[WhiteFideId "4295099"]
[BlackFideId "1336126"]
[EventDate "2021.08.26"]

1. d4 Nf6 2. c4 g6 3. Nc3 Bg7 4. e4 d6 5. Be2 O-O 6. Bg5 c5 7. dxc5 Qa5 8. Bd2
Qxc5 9. Nf3 Ng4 10. O-O Ne5 11. Nxe5 Qxe5 12. Be3 Nc6 13. Rc1 f5 14. exf5 Bxf5
15. Re1 Qa5 16. Qd2 Rac8 17. b3 a6 18. Red1 Kh8 19. Bd3 Bxd3 20. Qxd3 Rf7 21. a4
Ne5 22. Qe4 Qb4 23. f4 Nc6 24. Nd5 Qxb3 25. Rb1 Qa3 26. Rxb7 Na5 27. Nxe7 Qxa4
28. Rdb1 Nxb7 29. Nxc8 Nc5 30. Qd5 Qe8 31. Bxc5 dxc5 32. Nd6 Qe3+ 33. Kh1 Rxf4
34. Nf7+ Rxf7 35. Qxf7 h6 36. Rb8+ 1-0

[Event "21st ch-EUR Indiv 2021"]
[Site "Reykjavik ISL"]
[Date "2021.09.02"]
[Round "8.63"]
[White "Petursson, Gudni"]
[Black "Lorscheid, Gerhard"]
[Result "0-1"]
[BlackTitle "FM"]
[WhiteElo "1988"]
[BlackElo "2202"]
[WhiteFideId "2301725"]
[BlackFideId "4606000"]
[EventDate "2021.08.26"]

1. d4 d6 2. Nf3 Nf6 3. c4 g6 4. Nc3 Bf5 5. g3 c6 6. Bg2 Bg7 7. O-O O-O 8. b3 Ne4
9. Bb2 Qa5 10. Qc1 Qc7 11. Nh4 Nxc3 12. Bxc3 Bd7 13. e4 Na6 14. Qb2 b5 15. cxb5
cxb5 16. Rac1 Qb6 17. b4 Rac8 18. Nf3 Rc7 19. Bd2 Rfc8 20. Rxc7 Rxc7 21. Rc1
Rxc1+ 22. Bxc1 Qc6 23. Be3 Qc4 24. a3 Nb8 25. Nd2 Qc8 26. Nb3 Be6 27. Na5 Nc6
28. Nxc6 Qxc6 29. Qd2 Bc4 30. d5 Qa6 31. Qc1 Qa4 32. Bg5 Bb2 33. Qe1 f6 34. Bc1
Bc3 35. Bd2 Bxd2 36. Qxd2 Qxa3 37. h4 a5 38. bxa5 b4 39. Qd4 Qc1+ 40. Kh2 b3 41.
e5 fxe5 42. Qg4 Ba6 43. Qd7 Kf7 44. Qd8 Qc5 45. Qh8 Qxf2 46. Qxh7+ Ke8 47. Qxg6+
Kd8 48. Qg8+ Kc7 49. Qe8 Qc5 50. Qxe7+ Kb8 51. Qd8+ Bc8 52. Qf6 b2 53. Qg6 Ka7
54. Qb1 Qc1 55. Be4 Bg4 56. Qc2 Qxc2+ 57. Bxc2 Ka6 58. Kg2 Kxa5 59. Kf2 Kb4 60.
Ke3 Kc3 61. Bb1 Bd1 62. Ba2 Bb3 63. Bb1 Bc2 64. Ba2 Kb4 65. Kd2 Ka3 0-1

[Event "21st ch-EUR Indiv 2021"]
[Site "Reykjavik ISL"]
[Date "2021.09.02"]
[Round "8.64"]
[White "Nielsen, Thomas1"]
[Black "Thorhallsson, Simon"]
[Result "0-1"]
[WhiteElo "1953"]
[BlackElo "2199"]
[WhiteFideId "1407147"]
[BlackFideId "2310090"]
[EventDate "2021.08.26"]

1. d4 Nf6 2. c4 g6 3. Nc3 Bg7 4. e4 d6 5. Be2 O-O 6. Be3 Nc6 7. h3 e5 8. d5 Nd4
9. Nf3 Nxe2 10. Qxe2 Nh5 11. g4 Nf4 12. Qf1 c6 13. O-O-O cxd5 14. cxd5 Bd7 15.
Kb1 Qa5 16. Nd2 Rfc8 17. Nb3 Qb4 18. f3 a5 19. Bd2 a4 20. Ne2 Qc4 21. Nbc1 Qc2+
22. Ka1 a3 23. Bxf4 axb2# 0-1

[Event "21st ch-EUR Indiv 2021"]
[Site "Reykjavik ISL"]
[Date "2021.09.02"]
[Round "8.65"]
[White "Ragnarsson, Johann"]
[Black "Wecker, Martin"]
[Result "0-1"]
[WhiteElo "1916"]
[BlackElo "2195"]
[WhiteFideId "2301040"]
[BlackFideId "12931462"]
[EventDate "2021.08.26"]

1. d4 Nf6 2. c4 e6 3. Nc3 Bb4 4. a3 Bxc3+ 5. bxc3 b6 6. f3 Nc6 7. e3 Ba6 8. Bd3
Na5 9. Qe2 d6 10. Rb1 Qd7 11. Nh3 c5 12. e4 e5 13. O-O Rc8 14. d5 Kd8 15. Bg5
Kc7 16. Bxf6 gxf6 17. Nf2 h5 18. Nd1 Rcg8 19. Ne3 Rg6 20. f4 Qe8 21. f5 Rg5 22.
Rb2 Qa4 23. Qc2 Qxc2 24. Rxc2 Kd7 25. Kf2 Rhg8 26. Ke1 h4 27. Rf3 Ke7 28. Rh3
Rh8 29. Rf2 Rg7 30. Kd2 Rgg8 31. Kc2 Bc8 32. Bf1 Bd7 33. Rff3 Rb8 34. g3 hxg3
35. Rfxg3 Rxh3 36. Rxh3 Rg8 37. Kd2 Ba4 38. Ke1 Nb3 39. Rh6 Na1 40. Bd3 Rg1+ 41.
Kf2 Rc1 42. Rh8 Rxc3 43. Be2 Rxa3 44. h4 Nc2 45. Nxc2 Bxc2 46. Bf3 Ra2 47. Kg1
Ra1+ 48. Kh2 Re1 49. Kg3 Bxe4 50. Kf2 Bxf3 51. Kxe1 Bg4 52. h5 Bxf5 53. h6 a6
54. Rb8 b5 55. cxb5 axb5 56. Rxb5 Bg6 57. Rb7+ Ke8 58. Kd2 f5 59. Ke3 f4+ 60.
Kf3 Bf5 61. Rb8+ Ke7 62. Rh8 Kf6 63. h7 c4 64. Rd8 Bxh7 65. Rxd6+ Kf5 66. Rd8
e4+ 67. Ke2 Ke5 68. d6 Ke6 69. d7 Bg6 70. Rc8 Kxd7 71. Rxc4 Kd6 72. Rb4 Kd5 73.
Kf2 Ke5 74. Rb5+ Kf6 75. Rb6+ Kg5 76. Rb5+ Kg4 77. Rb4 e3+ 78. Kg2 Bd3 79. Rd4
Bb5 80. Rb4 Bc6+ 81. Kf1 f5 82. Rb6 Be4 83. Rb3 Bd5 84. Rc3 Kf3 0-1

[Event "21st ch-EUR Indiv 2021"]
[Site "Reykjavik ISL"]
[Date "2021.09.02"]
[Round "8.66"]
[White "Gombocz, Ferenc Jr."]
[Black "Briem, Benedikt"]
[Result "1-0"]
[WhiteTitle "FM"]
[WhiteElo "2191"]
[BlackElo "1858"]
[WhiteFideId "775029"]
[BlackFideId "2315432"]
[EventDate "2021.08.26"]

1. c4 Nf6 2. g3 e6 3. Bg2 d5 4. Nf3 Be7 5. O-O O-O 6. d4 Nbd7 7. b3 dxc4 8. bxc4
c5 9. Bb2 cxd4 10. Nxd4 a6 11. Nd2 Nc5 12. N2b3 Na4 13. Qc2 Nxb2 14. Qxb2 Nd7
15. Rac1 Qb6 16. Qc3 Nc5 17. Rb1 Qc7 18. Nxc5 Bxc5 19. Nb3 Rb8 20. Nxc5 Qxc5 21.
Qb4 Qc7 22. c5 Bd7 23. Qb6 Qxb6 24. Rxb6 Rfc8 25. Rxb7 Rxb7 26. Bxb7 Rxc5 27.
Rd1 Be8 28. Bxa6 Kf8 29. f3 Bc6 30. Rd2 Bd5 31. e4 Bc6 32. Kf2 Rc3 33. Bd3 Ra3
34. Ke2 Ke7 35. Rc2 Kd6 36. Bc4 f5 37. Rd2+ Ke5 38. f4+ Kxe4 39. Bb3 Bb5+ 40.
Kf2 Bd3 41. Bxe6 Ra6 42. Bc8 Rh6 43. h4 Rb6 44. a4 Rb1 45. Bxf5+ Kxf5 46. Rxd3
Kg4 47. Ra3 Rb6 48. a5 Ra6 49. Ra2 h6 50. Ra4 g6 51. Kg2 h5 52. Kf2 Kh3 53. Kf3
Kh2 54. Ra3 Kh3 55. Ra2 Rc6 56. a6 Rc3+ 57. Ke4 Rc8 58. a7 Ra8 59. Kf3 g5 60.
hxg5 h4 61. gxh4 1-0

[Event "21st ch-EUR Indiv 2021"]
[Site "Reykjavik ISL"]
[Date "2021.09.02"]
[Round "8.67"]
[White "Unuk, Laura"]
[Black "Van Hoolandt, Patrick"]
[Result "0-1"]
[WhiteTitle "IM"]
[BlackTitle "FM"]
[WhiteElo "2407"]
[BlackElo "2010"]
[WhiteFideId "14609215"]
[BlackFideId "200999"]
[EventDate "2021.08.26"]

1. d4 Nf6 2. c4 e6 3. Nf3 d5 4. g3 dxc4 5. Bg2 Bb4+ 6. Bd2 a5 7. Qc2 Bxd2+ 8.
Qxd2 c6 9. a4 Ne4 10. Qf4 Qb6 11. O-O Qxb2 12. Ra3 Nf6 13. Ne5 O-O 14. Nxc4 Qxe2
15. Nb6 Ra6 16. Rb3 Rxb6 17. Rxb6 Nd5 18. Bxd5 exd5 19. Nc3 Qd3 20. Qe3 Qf5 21.
Re1 Nd7 22. Rb2 h5 23. f3 Qf6 24. Ne2 Nb8 25. Ra2 Na6 26. Nf4 Qf5 27. Rae2 Nb4
28. Qc3 h4 29. Qc5 Be6 30. Re5 Qf6 31. R1e2 hxg3 32. hxg3 g5 33. Nxe6 fxe6 34.
Rxe6 Qf5 0-1

[Event "21st ch-EUR Indiv 2021"]
[Site "Reykjavik ISL"]
[Date "2021.09.02"]
[Round "8.68"]
[White "Heimisson, Hilmir Freyr"]
[Black "Moller, Agnar T"]
[Result "0-1"]
[WhiteTitle "FM"]
[WhiteElo "2309"]
[BlackElo "1932"]
[WhiteFideId "2309998"]
[BlackFideId "2303469"]
[EventDate "2021.08.26"]

1. Nf3 Nf6 2. c4 c6 3. g3 d5 4. Bg2 Bg4 5. Ne5 Be6 6. cxd5 Bxd5 7. Nf3 Bxf3 8.
Bxf3 e5 9. d3 Be7 10. b3 Qd4 11. e3 Qxa1 12. Qc2 e4 13. dxe4 Qe5 14. O-O Nbd7
15. Nd2 Qc7 16. Be2 h5 17. a3 O-O-O 18. Bb2 Ne5 19. h3 Qd6 20. Rd1 Qe6 21. Rc1
Rd7 22. Bd4 c5 23. b4 Nc6 24. bxc5 Rxd4 25. exd4 Nxd4 26. Qd3 Nxe2+ 27. Qxe2 Kb8
28. Rc4 Rc8 29. Nb3 Qxh3 30. c6 Ng4 31. Qf3 Ne5 32. Qf4 Qe6 33. Rc3 Qf6 34. Qe3
Rxc6 35. Nd4 Rxc3 36. Qxc3 Ng4 37. f3 Qb6 38. Kg2 Bf6 39. fxg4 Qxd4 40. Qf3 hxg4 0-1

[Event "21st ch-EUR Indiv 2021"]
[Site "Reykjavik ISL"]
[Date "2021.09.02"]
[Round "8.69"]
[White "Karason, Askell O"]
[Black "Tummasarson, Flovin M."]
[Result "1-0"]
[WhiteTitle "IM"]
[WhiteElo "2270"]
[BlackElo "1764"]
[WhiteFideId "2300567"]
[BlackFideId "7202431"]
[EventDate "2021.08.26"]

1. Nf3 Nf6 2. c4 g6 3. Nc3 c6 4. d4 d5 5. e3 Bg7 6. Bd3 O-O 7. b3 Nbd7 8. cxd5
cxd5 9. Bb2 b6 10. O-O Bb7 11. a4 Re8 12. Rc1 a6 13. Qc2 e5 14. dxe5 Ng4 15.
Rfd1 Rc8 16. Qe2 Nc5 17. Bc4 Nxe5 18. Bxd5 Qf6 19. Bxb7 Nxb7 20. Nd4 Nc6 21. Nd5
Qe5 22. Nxc6 Qxb2 23. Qxb2 Bxb2 24. Nce7+ 1-0